Statistics for Los Angeles Lakers NBA Awards Winners

Click here to take the quiz!

General Stats

  • This quiz has been taken 814 times
  • The average score is 9 of 13

Answer Stats

Player% Correct
Kobe Bryant
100%
Magic Johnson
100%
Shaquille O'Neal
100%
Kareem Abdul-Jabbar
98%
Jerry West
91%
James Worthy
89%
Wilt Chamberlain
81%
Elgin Baylor
78%
Pat Riley
56%
Michael Cooper
53%
Lamar Odom
52%
Bill Sharman
12%
Del Harris
11%

Score Distribution

Percentile by Number Answered

Percent of People with Each Score

Your Score History

You have not taken this quiz